01330nam a2200337 a 4500001001200000003000800012006001900020007001500039008004100054010001700095020004300112020004000155040002100195035002100216050002600237082002000263100002900283245009900312246002500411260005100436300001700487490002700504504006400531533015200595650002600747655002900773710001700802830002800819856012600847999001900973ebr10303347CaPaEBRm u cr cn|||||||||080321s2008 ilu sb 001 0 eng  z 2008012963 z9780226493121 (hardcover : alk. paper) z0226493121 (hardcover : alk. paper) aCaPaEBRcCaPaEBR a(OCoLC)64779474914aBQ4570.S3bL67 2008eb04a294.3/365092221 aLopez, Donald S.,d1952-10aBuddhism & scienceh[electronic resource] :ba guide for the perplexed /cDonald S. Lopez, Jr.3 aBuddhism and science aChicago :bUniversity of Chicago Press,c2008. axiii, 264 p.1 aBuddhism and modernity aIncludes bibliographical references (p. 219-254) and index. aElectronic reproduction.bPalo Alto, Calif. :cebrary,d2013.nAvailable via World Wide Web.nAccess may be limited to ebrary affiliated libraries. 0aBuddhism and science. 7aElectronic books.2local2 aebrary, Inc. 0aBuddhism and modernity.40uhttp://site.ebrary.com/lib/rucke/Doc?id=10303347zAn electronic book accessible through the World Wide Web; click to view c172269d172269